Memoria sobre la creación y funcionamiento de la Escuela Superior de Arquitectura de Barcelona
Descripción Física:
25 p. ; 27 cm
MARC
| LEADER | 00000nam a2200000Ia 4500 | ||
|---|---|---|---|
| 001 | 18631 | ||
| 003 | BGR | ||
| 005 | 20260410113700.0 | ||
| 008 | 160829s1896 xx 000 0 cat d | ||
| 080 | |a RF-3-47 | ||
| 245 | |a Memoria sobre la creación y funcionamiento de la Escuela Superior de Arquitectura de Barcelona | ||
| 260 | |a Barcelona : |b Imprenta La Renaixensa, |c 1896 | ||
| 300 | |a 25 p. ; |c 27 cm | ||
| 590 | |a Prové de 3276, exp. 3. | ||
| 590 | |a Hi ha un altre exemplar a 1941, exp. 2 | ||
| 650 | |a Escola Superior d'Arquitectura de Barcelona |9 46812 | ||
| 710 | 1 | |a Escola Superior d’Arquitectura de Barcelona |9 70802 | |
| 856 | 4 | |u https://media.diba.cat/diba/fitxers/arxiu/fulletons/bib_18631_1896_baixa.pdf |y Accés lliure | |
| 856 | 4 | |u https://media.diba.cat/diba/fitxers/arxiu/fulletons/bib_18631_1896_baixa.pdf |y Accés lliure | |
| 900 | |a bib_18631_1896_baixa.pdf | ||
| 901 | |a Arxiu | ||
| 942 | |n 1 |2 udc |c MON | ||
| 952 | |0 0 |1 0 |4 0 |6 RF347 |7 1 |9 54679 |a Arxiu |b Arxiu |d 2016-12-01 |l 0 |o RF-3-47 |p 18631 |r 2016-12-01 00:00:00 |w 2016-12-01 |y ARXIU | ||
| 999 | |c 58548 |d 58548 | ||